000 00754nam a2200265 i 4500
001 C2-0302996
003 PPAK
005 20180728084054.0
008 100308s2008 my |||| ||||| | may d
020 _a9789834222598
040 _aPPAK
_beng
_cPPAK
_erda
082 0 4 _a499.2309
_223
090 0 0 _a499.2309
_bCHE
_dG
090 0 0 _a499.2309
_bCHE
_dR
100 1 _aChew, Fong Peng,
_eauthor
245 1 0 _aBahasa Melayu titian ilmu
264 1 _aKuala Lumpur :
_bJabatan Kebudayaan dan Kesenian Negara ,
_c2008
300 _axxii, 124 pages ;
_c23 cm
336 _2rdacontent
_atext
337 _2rdamedia
_aunmediated
338 _2rdacarrier
_avolume
500 _aJilid 2
650 1 0 _aMalay language - History and criticsm.
942 _ddc
_cB
999 _c106508
_d106508